| 000 | 01076nam a22003130a 4500 | ||
|---|---|---|---|
| 001 | PT48838 | ||
| 003 | AR-LpoUNG | ||
| 005 | 20210201010411.0 | ||
| 008 | 201001s2007||||xxu|||||||||||||||||eng d | ||
| 020 |
_a0892912685 _c$39,95 |
||
| 040 |
_aAR-LpoUNG _bspa _eaacr |
||
| 041 | _aeng | ||
| 044 | _axxu | ||
| 082 | 0 | _a910.025 844-2006/2007 | |
| 245 | 1 | 0 |
_aGuide to geography programs in the Americas : _b2006-2007 |
| 250 | _a1ra. ed. | ||
| 260 |
_aWashington, D. C. : _bAssociation of American Geographers, _c2007. |
||
| 300 |
_axiv, 679 p. : _btbls., gráfs., il. _3Impreso |
||
| 490 | 0 | _aGuide to geography programs in the Americas | |
| 520 | _a<p>Este texto es una guía de programas sobre geografía realizados en los Estados Unidos durante los años 2006 y 2007.</p> | ||
| 650 | 4 | _aDIRECTORIOS | |
| 650 | 4 | _aDOCUMENTOS | |
| 650 | 4 | _aGEOGRAFIA | |
| 650 | 4 | _aMATERIAL DE REFERENCIA | |
| 651 | 4 | _aDOCUMENTOS TEORICOS O METODOLOGICOS | |
| 710 | 2 | _aAssociation of American Geographers (Washington, D.C.) | |
| 905 | _a48838 | ||
| 942 | _cLSALA | ||
| 999 |
_c51169 _d51169 |
||